O empregado pb︢lico. 4® Ediȯ̂

Bibliographic Details
Main Author: Pessoa Cavalcante, Jouberto De Quadros
Other Authors: Jorge Neto, Francisco Ferreira
Format: eBook
Language:Portuguese
Published: San Pablo: LTR Editora, 2014
Subjects:
Online Access:Acceso restringido

MARC

LEADER 00000nam a22000007a 4500
005 20140716015416.0
007 cr|||| ||||
008 140716s2014 br |||||s|||| 00||0 por d
020 |a 978-85-361-2928-0 
035 |a 12312 
040 |a vLex 
090 |c 5092  |d 5092 
100 1 |a Pessoa Cavalcante, Jouberto De Quadros 
245 1 2 |a O empregado pb︢lico. 4® Ediȯ̂  |h [Recurso electrn̤ico] /  |c Jouberto De Quadros Pessoa Cavalcante, Francisco Ferreira Jorge Neto 
256 |a Servicio en ln̕ea 
260 |a San Pablo:  |b LTR Editora,  |c 2014 
300 |a 1 recurso electrn̤ico 
500 |a Na 4® ediȯ̂ do livro "O Empregado Pb︢lico", os autores aprofundaram e atualizaram os temas discutidos na ediȯ̂ anterior, trazendo ao leitor vasto enfoque doutrinr̀io e jurisprudencial. Os autores, aps̤ discorrerem sobre a estrutura da Administraȯ̂ Pb︢lica brasileira, analisaram as queste̳s centrais que envolvem o empregado celetista e sua relaȯ̂ jurd̕ica com o Estado, fazendo, quando necessr̀io, um paralelo com as demais relaė̳s de trabalho existentes (estatutr̀ia e temporr̀ia). Nos primeiros capt̕ulos, ̌estudada a situaȯ̂ da Administraȯ̂ Pb︢lica, direta e indireta, na qualidade de empregadora quando contrata pelo regime da Consolidaȯ̂ das Leis do Trabalho (CLT). Os capt̕ulos seguintes sô dedicados ̉anl̀ise das queste̳s dir̀ias do empregado pb︢lico. Na l︢tima parte do livro, os autores empenham-se no debate do direito coletivo do trabalho e do direito de greve no setor pb︢lico. “Como se constata, o excelente livro que os autores trazem a pb︢lico ̌fruto nô s ̤da dedicaȯ̂ ao estudo do Direito, como tambm̌ de suas ricas atividades profissionais, o que torna a obra extremamente rica, servindo de consulta tanto para solucionar queste̳s ter̤icas, quanto para auxiliar na resoluȯ̂ dos problemas dir̀ios enfrentados pelo administrado e pelo Poder Judicir̀io” (Ministro Pedro Paulo Teixeira Manus). 
506 1 |a Disponible solo en los productos indicados  |d vLex Global  |d vLex Global (Academic Edition, excluding Law Schools)  |d vLex Global (U.S. Academic Edition, Law Schools)  |d vLex Global (U.S. Academic Edition, excluding Law Schools)  |d vLex Global (Academic Edition, Law Schools) 
650 0 4 |a Derecho Laboral y Seguridad Social  |z Brasil 
650 0 4 |a Administracin̤ Pb︢lica  |z Brasil 
700 1 |a Jorge Neto, Francisco Ferreira 
740 0 |a vLex Libros (Servicio en ln̕ea) 
856 4 0 |u http://vlex.com/source/empregado-publico-4-edi-o-12312  |z Acceso restringido 
942 |c BOOK 
999 0 |a Labor Law and Social Security  
999 0 |a Public Administration